Odiseas del diálogo de los pueblos /

Gespeichert in:
Bibliographische Detailangaben
1. Verfasser: Montiel, Edgar
Format: Text
Schlagworte:
Tags: Tag hinzufügen
Keine Tags, Fügen Sie den ersten Tag hinzu!

MARC

LEADER 00000 a a2200000 04500
001 18252
003
040
100 |a Montiel, Edgar  
245 |a Odiseas del diálogo de los pueblos /  |c Edgar Montiel 
650 |a INTEGRACION CULTURAL  
650 |a RELACIONES CULTURALES  
650 |a VALORES CULTURALES  
650 |a GLOBALIZACION  
773 |g número 95; páginas 57-64  
999 |c 26044  |d 26044